| 000 | 00444 a2200193 4500 | ||
|---|---|---|---|
| 001 | 115692 | ||
| 020 | _a9780008183325 | ||
| 041 | _apor | ||
| 090 | _aYear 8 [Fic] | ||
| 100 | _aO'Connell, Christian. | ||
| 250 | _a. ed. | ||
| 300 | _a367 p. | ||
| 697 | _aFamily stories. | ||
| 697 | _aHumorous stories. | ||
| 040 |
_aBR-BrIDEA _cBR-BrIDEA |
||
| 245 | 1 | 0 |
_aRadio boy _c Christian O'Connell |
| 260 |
_bHaroerCollins _c2017 |
||
| 942 | _cBK | ||
| 999 |
_c115692 _d115692 |
||